Rozhodovacie stromy ako prediktívna modelovacia technika

Pojem rozhodovacie stromy. Príťažlivosť metód založených na rozhodovacích stromoch. Opis štruktúry rozhodovacích stromov a základné algoritmy na konštrukciu rozhodovacích stromov.

Guardado en:
Detalles Bibliográficos
Autor principal: Labudová, Viera, 1958-
Formato: Capítulo de libro
Lenguaje:eslovaco
Materias:
Etiquetas: Agregar Etiqueta
Sin Etiquetas, Sea el primero en etiquetar este registro!

MARC

LEADER 00000naa a2200000 4500
001 0234554
005 20240502073813.2
041 0 |a slo 
044 |a SK 
245 1 0 |a Rozhodovacie stromy ako prediktívna modelovacia technika  |c Viera Labudová 
520 |a Pojem rozhodovacie stromy. Príťažlivosť metód založených na rozhodovacích stromoch. Opis štruktúry rozhodovacích stromov a základné algoritmy na konštrukciu rozhodovacích stromov. 
610 2 0 |a metódy štatistické 
610 2 0 |a modely štatistické 
610 2 0 |a entropia 
610 2 0 |a predvídanie 
610 2 0 |a algoritmy 
100 1 |a Labudová, Viera, 1958-